Magic: The Gathering (MTG) Formats - Statistics

General Stats
  • This quiz has been taken 305 times
    247 since last reset
  • The average score is 16 of 25
Answer Stats
Hint Format % Correct
Multiplayer Choose a "leader" for your deck Commander
99%
1v1 Constructed Only the most recent sets Standard
98%
Limited choose a card then pass the pack and choose from the next Draft
94%
1v1 Constructed Everything since Eighth Edition Modern
94%
1v1 Constructed Only commons Pauper
94%
1v1 Constructed All cards, but with many bans Legacy
86%
1v1 Constructed All cards, very few bans, some cards are restricted to 1 copy Vintage
86%
Arena/MTGO Play with a "leader" but only cards from recent sets Brawl
80%
1v1 Constructed Everything since Return to Ravnica Pioneer
80%
Teams Normal constructed 2v2 Two Headed Giant
76%
Limited Open 6 packs and build from that Sealed
72%
Arena/MTGO All cards on arena with some changes and bans Historic
71%
Arena/MTGO Most recent sets with some changes and some digital only cards Alchemy
68%
1v1 Constructed Play with a "leader" against 1 opponent (It's just the other format name + 1v1) Commander 1v1
66%
Multiplayer A special card changes the game rules Planechase
56%
Limited choose and pass, but with a "leader" (two other format names put together) Commander Draft
51%
Arena/MTGO Play with a "leader" but only cards on Arena Historic Brawl
46%
Arena/MTGO All cards on Arena. No bans, but some cards restricted. Only digital-only cards have been changed. Timeless
45%
Arena/MTGO Eventually this will become the same as a paper format Explorer
44%
Multiplayer Your "leader" is a planeswalker instead of a creature Oathbreaker
43%
Teams Choose cards alone, then play with teammates (team + the 1v1 format name) Team Draft
42%
Arena/MTGO All your cards are basic lands. Summon random creatures. Momir Basic
40%
Teams Open 12 packs together and build 3 decks (team + the 1v1 format name) Team Sealed
39%
Limited Things happen while you choose cards Conspiracy
36%
1v1 Constructed The only rule is your deck must be at least 40 cards and your sideboard no more than 15 cards. Other than that, you can play whatever you want and have as many copies as you want. Freeform
24%
No matching quizzes found
Score Distribution
Percent of People with Each Score
Percentile by Number Answered
Your Score History
You have not taken this quiz since the last reset